000 00438nam a2200157Ia 4500
003 OSt
005 20220201103546.0
008 211119s9999||||xx |||||||||||||| ||und||
040 _csbcl
082 _a370.05
_bJAC-N
100 _aJacob, Mani
245 0 _aNew Frontiers in Education
260 _bNew Frontiers in Education
_aNew Delhi
_c1993
650 _aSocial Sciences
_vEducation
_xGeneralia
_2Post Graduate Reference
942 _cBOOK
999 _c110508
_d110508